<?xml version="1.0" encoding="UTF-8"?>
<record
    xmlns:xsi="http://www.w3.org/2001/XMLSchema-instance"
    xsi:schemaLocation="http://www.loc.gov/MARC21/slim http://www.loc.gov/standards/marcxml/schema/MARC21slim.xsd"
    xmlns="http://www.loc.gov/MARC21/slim">

  <leader>01569nam a2200313 a 4500</leader>
  <controlfield tag="005">20150626084617.0</controlfield>
  <controlfield tag="008">140603s2011    ck adb gr     00110 spa d</controlfield>
  <datafield tag="020" ind1=" " ind2=" ">
    <subfield code="a">9789585708013</subfield>
  </datafield>
  <datafield tag="040" ind1=" " ind2=" ">
    <subfield code="a">CO-BoBLA </subfield>
    <subfield code="c">CO-BoBLA</subfield>
    <subfield code="d">Co-BoIAVH</subfield>
  </datafield>
  <datafield tag="041" ind1=" " ind2=" ">
    <subfield code="a">spa</subfield>
  </datafield>
  <datafield tag="044" ind1=" " ind2=" ">
    <subfield code="a">ck</subfield>
  </datafield>
  <datafield tag="082" ind1="0" ind2="4">
    <subfield code="a">918.617 </subfield>
    <subfield code="b">A68a</subfield>
  </datafield>
  <datafield tag="100" ind1="1" ind2=" ">
    <subfield code="a">Arenas Wightman, Wendy.</subfield>
    <subfield code="9">34898</subfield>
  </datafield>
  <datafield tag="245" ind1="1" ind2="3">
    <subfield code="a">La Amazonia colombiana en cifras, hechos y percepciones : </subfield>
    <subfield code="b">Amazonas, Caquet&#xE1;, Guain&#xED;a, Guaviare, Putumayo, Vaup&#xE9;s / </subfield>
    <subfield code="c">Wendy Arenas Wightman, Paola Z&#xFA;&#xF1;iga Valc&#xE1;rcel, Edgar David Mayordomo.</subfield>
  </datafield>
  <datafield tag="250" ind1=" " ind2=" ">
    <subfield code="a">Editora Marcela Giraldo.</subfield>
  </datafield>
  <datafield tag="260" ind1="3" ind2=" ">
    <subfield code="a">Bogot&#xE1; :</subfield>
    <subfield code="b">Fundaci&#xF3;n Alisos, </subfield>
    <subfield code="c">2011.</subfield>
  </datafield>
  <datafield tag="300" ind1=" " ind2=" ">
    <subfield code="a">139 p. </subfield>
    <subfield code="b">ilustraciones, gr&#xE1;ficos, mapas ; </subfield>
    <subfield code="c">28 cm.</subfield>
  </datafield>
  <datafield tag="505" ind1=" " ind2=" ">
    <subfield code="a">Cap. 1 Amazonas en cifras.
Cap. 2 Guain&#xED;a en cifras.
Cap. 3 Vaup&#xE9;s en cifras.
Cap. 4 Caquet&#xE1; en cifras.
Cap. 5 Guaviare en cifras.
Cap. 6 Putumayo en cifras.
</subfield>
  </datafield>
  <datafield tag="650" ind1=" " ind2="4">
    <subfield code="a">Educaci&#xF3;n</subfield>
    <subfield code="z"> Amazonas (Regi&#xF3;n, Colombia)</subfield>
    <subfield code="v"> Estad&#xED;sticas.</subfield>
    <subfield code="9">34899</subfield>
  </datafield>
  <datafield tag="650" ind1=" " ind2="4">
    <subfield code="a">Econom&#xED;a</subfield>
    <subfield code="z"> Amazonas (Regi&#xF3;n, Colombia)</subfield>
    <subfield code="v"> Estad&#xED;sticas.</subfield>
    <subfield code="9">34900</subfield>
  </datafield>
  <datafield tag="650" ind1=" " ind2="4">
    <subfield code="a">Salud p&#xFA;blica</subfield>
    <subfield code="z"> Amazonas (Regi&#xF3;n, Colombia)</subfield>
    <subfield code="v"> Estad&#xED;sticas.</subfield>
    <subfield code="9">34901</subfield>
  </datafield>
  <datafield tag="650" ind1=" " ind2="4">
    <subfield code="a">Cambios clim&#xE1;ticos</subfield>
    <subfield code="z"> Amazonas (Regi&#xF3;n, Colombia)</subfield>
    <subfield code="v"> Estad&#xED;sticas.</subfield>
    <subfield code="9">34902</subfield>
  </datafield>
  <datafield tag="650" ind1=" " ind2="4">
    <subfield code="a">Participaci&#xF3;n pol&#xED;tica</subfield>
    <subfield code="z"> Amazonas (Regi&#xF3;n, Colombia)</subfield>
    <subfield code="v"> Estad&#xED;sticas.</subfield>
    <subfield code="9">34903</subfield>
  </datafield>
  <datafield tag="651" ind1=" " ind2="4">
    <subfield code="a">Amazonas (Regi&#xF3;n, Colombia)</subfield>
    <subfield code="x"> Descripci&#xF3;n.</subfield>
    <subfield code="9">34904</subfield>
  </datafield>
  <datafield tag="700" ind1="1" ind2=" ">
    <subfield code="a">Z&#xFA;&#xF1;iga Valc&#xE1;rcel, Paola.</subfield>
    <subfield code="9">34905</subfield>
  </datafield>
  <datafield tag="700" ind1="1" ind2=" ">
    <subfield code="a">Mayordomo, Edgar David.</subfield>
    <subfield code="9">34906</subfield>
  </datafield>
  <datafield tag="700" ind1="1" ind2=" ">
    <subfield code="a">Giraldo, Marcela, </subfield>
    <subfield code="e">Editora.</subfield>
    <subfield code="9">4846</subfield>
  </datafield>
  <datafield tag="942" ind1=" " ind2=" ">
    <subfield code="2">ddc</subfield>
    <subfield code="c">LIBRO</subfield>
  </datafield>
  <datafield tag="999" ind1=" " ind2=" ">
    <subfield code="c">17485</subfield>
    <subfield code="d">17485</subfield>
  </datafield>
  <datafield tag="952" ind1=" " ind2=" ">
    <subfield code="0">0</subfield>
    <subfield code="1">0</subfield>
    <subfield code="2">ddc</subfield>
    <subfield code="4">0</subfield>
    <subfield code="7">0</subfield>
    <subfield code="8">GENERAL</subfield>
    <subfield code="I">INV2017</subfield>
    <subfield code="a">Bogota</subfield>
    <subfield code="b">Bogota</subfield>
    <subfield code="d">2015-06-26</subfield>
    <subfield code="e">Instituto</subfield>
    <subfield code="g">39000.00</subfield>
    <subfield code="l">0</subfield>
    <subfield code="o">LB-918.617  A68a</subfield>
    <subfield code="p">038879</subfield>
    <subfield code="r">2015-06-26 00:00:00</subfield>
    <subfield code="t">Ej. 1</subfield>
    <subfield code="w">2015-06-26</subfield>
    <subfield code="y">LIBRO</subfield>
  </datafield>
</record>
